Catálogo

Historia de los estilos / (Registro nro. 12985)

Detalles MARC
000 -LEADER
fixed length control field 01083cam a2200301 i 4500
001 - CONTROL NUMBER
control field 12985
003 - CONTROL NUMBER IDENTIFIER
control field Mx-PuUPA
005 - DATE AND TIME OF LATEST TRANSACTION
control field 20220221150051.0
008 - FIXED-LENGTH DATA ELEMENTS--GENERAL INFORMATION
fixed length control field 140415s1984 sp a fr 000 0 spa d
020 ## - INTERNATIONAL STANDARD BOOK NUMBER
International Standard Book Number 8432955021
040 ## - CATALOGING SOURCE
Original cataloging agency Mx-PuUPA
Language of cataloging spa
Transcribing agency Mx-PuUPA
Modifying agency Mx-PuUPA
Description conventions rda
041 0# - LANGUAGE CODE
Language code of text/sound track or separate title spa
245 00 - TITLE STATEMENT
Title Historia de los estilos /
Statement of responsibility, etc. autores y asesores, Fernando Álvarez Vidorreta, Joaquín Cadena Portal [y otros cinco]
246 13 - VARYING FORM OF TITLE
Title proper/short title Biblioteca básica de decoración :
Remainder of title historia de los estilos.
250 ## - EDITION STATEMENT
Edition statement Sexta edición /
Remainder of edition statement noviembre
264 #1 - PRODUCTION, PUBLICATION, DISTRIBUTION, MANUFACTURE, AND COPYRIGHT NOTICE
Place of production, publication, distribution, manufacture Barcelona, España :
Name of producer, publisher, distributor, manufacturer Ediciones CEAC,
Date of production, publication, distribution, manufacture, or copyright notice 1984
300 ## - PHYSICAL DESCRIPTION
Extent 605 páginas :
Other physical details ilustraciones ;
Dimensions 26 cm
336 ## - CONTENT TYPE
Fuente rdacontent
Content type term texto
Content type code txt
337 ## - MEDIA TYPE
Source rdamedia
Media type term sin medio
Media type code n
338 ## - CARRIER TYPE
Source rdacarrier
Carrier type term volumen
Carrier type code nc
490 0# - SERIES STATEMENT
Series statement Biblioteca básica de decoración
650 #4 - SUBJECT ADDED ENTRY--TOPICAL TERM
Topical term or geographic name entry element Arte
General subdivision Historia
-- Bellas artes
Source of heading or term armarc
700 1# - ADDED ENTRY--PERSONAL NAME
Personal name Álvarez Vidorreta, Fernando,
Relator term autor
700 1# - ADDED ENTRY--PERSONAL NAME
Personal name Cadena Portal, Fernando,
Relator term autor
942 ## - ADDED ENTRY ELEMENTS (KOHA)
Source of classification or shelving scheme Dewey Decimal Classification
Koha item type Libro
Classification part 709
Item part H6735
Existencias
Withdrawn status Lost status Source of classification or shelving scheme Damaged status Not for loan Collection code Home library Current library Shelving location Date acquired Source of acquisition Total Checkouts Full call number Barcode Date last seen Price effective from Koha item type
    Dewey Decimal Classification     Referencia Biblioteca Karol Wojtyla Biblioteca Karol Wojtyla Área de silencio 03/12/2013 Compra   709 H6735 1984 29695 05/01/2026 03/12/2013 Libro R